000 00924cam a2200229 a 4500
001 17273375
005 20260209073310.0
008 120426s2013 mau b 001 0 eng
010 _a 2012014822
020 _a9780674066892
082 _a320.6 MAN
100 1 _aManski, Charles F.
245 1 0 _aPublic policy in an uncertain world :
_banalysis and decisions /
_cCharles F. Manski.
260 _aCambridge :
_bHarvard University Press,
_c2013.
300 _axi, 199 p. ;
_c24 cm.
505 _a Introduction I. Policy Analysis 1. Policy Analysis with Incredible Certitude 2. Predicting Policy Outcomes 3. Predicting Behavior II. POLICY DECISIONS 4. Planning with Partial Knowledge 5. Diversified Treatment Choice 6. Policy Analysis and Decisions
650 0 _aPolicy sciences.
650 0 _aPublic administration.
650 0 _aDecision making.
650 0 _aPolitical planning
_xEvaluation.
942 _2ddc
_cBK
999 _c112040
_d112040